[Event "POL-chT 1st League"]
[Site "Ustron"]
[Date "2020.09.13"]
[Round "9.1"]
[White "Butkiewicz, Lukasz"]
[Black "Kolago, Marcin"]
[Result "1/2-1/2"]
[WhiteElo "2393"]
[BlackElo "2342"]
[PlyCount "24"]
[EventDate "2020.09.05"]
[EventType "team-tourn"]
[EventRounds "9"]
[EventCountry "POL"]
[SourceTitle "CBM 198 Extra"]
[Source "ChessBase"]
[SourceDate "2020.11.30"]
[SourceVersion "1"]
[SourceVersionDate "2020.11.30"]
[SourceQuality "1"]
[WhiteTeam "Wisznia Mala Bialy Krol"]
[BlackTeam "Pawlowice Gminy"]
[WhiteTeamCountry "POL"]
[BlackTeamCountry "POL"]

1. c4 g6 2. Nc3 Bg7 3. g3 c5 4. Bg2 Nc6 5. e3 e6 6. Nge2 Nge7 7. 0-0 0-0 8. d4 cxd4 9. Nxd4 d5 10. cxd5 Nxd4 11. exd4 Nxd5 12. Nxd5 exd5 1/2-1/2

[Event "POL-chT 1st League"]
[Site "Ustron"]
[Date "2020.09.12"]
[Round "8.1"]
[White "Kolago, Marcin"]
[Black "Cukrowski, Filip"]
[Result "1/2-1/2"]
[WhiteElo "2342"]
[BlackElo "2406"]
[PlyCount "58"]
[EventDate "2020.09.05"]
[EventType "team-tourn"]
[EventRounds "9"]
[EventCountry "POL"]
[SourceTitle "CBM 198 Extra"]
[Source "ChessBase"]
[SourceDate "2020.11.30"]
[SourceVersion "1"]
[SourceVersionDate "2020.11.30"]
[SourceQuality "1"]
[WhiteTeam "Pawlowice Gminy"]
[BlackTeam "Opole Rodlo"]
[WhiteTeamCountry "POL"]
[BlackTeamCountry "POL"]

1. c4 Nf6 2. g3 g6 3. Bg2 Bg7 4. Nc3 0-0 5. e4 d6 6. Nge2 c5 7. 0-0 Nc6 8. Rb1 Bd7 9. d3 Ne8 10. f4 f5 11. Be3 Nd4 12. b4 b6 13. exf5 Nxf5 14. Bf2 Rc8 15. b5 Nc7 16. Qd2 Be6 17. g4 Nd4 18. Nxd4 cxd4 19. Ne2 d5 20. f5 gxf5 21. gxf5 Bxf5 22. cxd5 e5 23. dxe6 Nxe6 24. Rb4 Qd6 25. Bg3 Qe7 26. a3 h5 27. Bf2 Rcd8 28. Ng3 Bg6 29. Be4 Bxe4 1/2-1/2

[Event "POL-chT 1st League"]
[Site "Ustron"]
[Date "2020.09.09"]
[Round "5.1"]
[White "Pakleza, Zbigniew"]
[Black "Kolago, Marcin"]
[Result "1-0"]
[WhiteElo "2503"]
[BlackElo "2342"]
[PlyCount "93"]
[EventDate "2020.09.05"]
[EventType "team-tourn"]
[EventRounds "9"]
[EventCountry "POL"]
[SourceTitle "CBM 198 Extra"]
[Source "ChessBase"]
[SourceDate "2020.11.30"]
[SourceVersion "1"]
[SourceVersionDate "2020.11.30"]
[SourceQuality "1"]
[WhiteTeam "Dabrowa Gornicza Zaglebie"]
[BlackTeam "Pawlowice Gminy"]
[WhiteTeamCountry "POL"]
[BlackTeamCountry "POL"]

1. e4 d5 2. exd5 Qxd5 3. Nf3 g6 4. d4 Bg7 5. Be2 Nh6 6. 0-0 0-0 7. c3 Nf5 8. Na3 c5 9. Nb5 Na6 10. dxc5 Qxc5 11. g4 Nd6 12. Be3 Qc6 13. Nxd6 Qxd6 14. Qxd6 exd6 15. Nd4 Bd7 16. Rfd1 Rfd8 17. Bf3 Nc7 18. Rd2 d5 19. Rad1 Bf6 20. g5 Be7 21. h4 Ba4 22. Nb3 Bc6 23. Na5 h6 24. Bg2 hxg5 25. hxg5 Ba4 26. b3 Bc6 27. a4 Kf8 28. f4 Ke8 29. Kf2 f6 30. Rh1 fxg5 31. fxg5 Ne6 32. Re2 Kf7 33. Rh7+ Ng7 34. Bd4 Bf8 35. b4 a6 36. Bf3 Rab8 37. Bf6 Re8 38. Rxe8 Rxe8 39. b5 axb5 40. axb5 Kg8 41. Rh6 Bxb5 42. Bxd5+ Ne6 43. Rh8+ Kf7 44. Rh7+ Kg8 45. Rxb7 Ba6 46. Rc7 Bd3 47. Rc8 1-0

[Event "POL-chT 1st League"]
[Site "Ustron"]
[Date "2020.09.07"]
[Round "3.1"]
[White "Kowalski, Igor"]
[Black "Kolago, Marcin"]
[Result "1/2-1/2"]
[WhiteElo "2397"]
[BlackElo "2342"]
[PlyCount "34"]
[EventDate "2020.09.05"]
[EventType "team-tourn"]
[EventRounds "9"]
[EventCountry "POL"]
[SourceTitle "CBM 198 Extra"]
[Source "ChessBase"]
[SourceDate "2020.11.30"]
[SourceVersion "1"]
[SourceVersionDate "2020.11.30"]
[SourceQuality "1"]
[WhiteTeam "Chylice Laura"]
[BlackTeam "Pawlowice Gminy"]
[WhiteTeamCountry "POL"]
[BlackTeamCountry "POL"]

1. d4 Nf6 2. Nf3 g6 3. Bf4 Bg7 4. e3 d6 5. h3 0-0 6. Be2 a6 7. c4 c5 8. Nc3 Bf5 9. 0-0 Ne4 10. Nxe4 Bxe4 11. Nd2 Bf5 12. Nb3 Qb6 13. g4 Be6 14. Qd2 a5 15. d5 Bd7 16. Rab1 a4 17. Nc1 Qa5 1/2-1/2

[Event "POL-chT 1st League"]
[Site "Ustron"]
[Date "2020.09.06"]
[Round "2.1"]
[White "Kolago, Marcin"]
[Black "Maciejczak, Jakub"]
[Result "1/2-1/2"]
[WhiteElo "2342"]
[BlackElo "2371"]
[PlyCount "90"]
[EventDate "2020.09.05"]
[EventType "team-tourn"]
[EventRounds "9"]
[EventCountry "POL"]
[SourceTitle "CBM 198 Extra"]
[Source "ChessBase"]
[SourceDate "2020.11.30"]
[SourceVersion "1"]
[SourceVersionDate "2020.11.30"]
[SourceQuality "1"]
[WhiteTeam "Pawlowice Gminy"]
[BlackTeam "Ostrow Wielkopolski"]
[WhiteTeamCountry "POL"]
[BlackTeamCountry "POL"]

1. c4 c5 2. Nc3 g6 3. g3 Bg7 4. Bg2 Nc6 5. e3 d6 6. Nge2 e5 7. Rb1 Nge7 8. a3 Be6 9. Nd5 0-0 10. b4 cxb4 11. axb4 Rc8 12. Nec3 f5 13. d3 e4 14. dxe4 Ne5 15. 0-0 Nxc4 16. Nxe7+ Qxe7 17. Nd5 Qd7 18. Nf4 Bf7 19. Bh3 Rce8 20. exf5 gxf5 21. Qc2 Re5 22. Rd1 Qb5 23. Bf1 Qc6 24. Bd3 Qc8 25. Bxc4 Qxc4 26. Qxc4 Bxc4 27. Bb2 Rb5 28. Bxg7 Kxg7 29. Rxd6 a5 30. Rd7+ Kg8 31. Rd4 Bf7 32. Nd3 a4 33. Ra1 Ra8 34. Ra3 Rd5 35. f3 b5 36. Kf2 Rad8 37. Rxd5 Bxd5 38. Nc5 Bc4 39. Ke1 Kf7 40. h3 h5 41. Rc3 Ra8 42. Ra3 Rg8 43. Kf2 Rd8 44. Ke1 Rg8 45. Kf2 Rd8 1/2-1/2

[Event "POL-chT 1st League"]
[Site "Dzwirzyno"]
[Date "2019.09.10"]
[Round "4.4"]
[White "Kolago, Marcin"]
[Black "Cukrowski, Filip"]
[Result "1/2-1/2"]
[WhiteElo "2340"]
[BlackElo "2410"]
[PlyCount "26"]
[EventDate "2019.09.07"]
[EventType "team-tourn"]
[EventRounds "9"]
[EventCountry "POL"]
[SourceTitle "EXT 2020"]
[Source "ChessBase"]
[SourceDate "2019.10.17"]
[SourceVersion "1"]
[SourceVersionDate "2019.10.17"]
[SourceQuality "1"]
[WhiteTeam "Pawlowice Gminy"]
[BlackTeam "Gostynin Gostmat 83"]
[WhiteTeamCountry "POL"]
[BlackTeamCountry "POL"]

1. e4 c5 2. Nf3 Nc6 3. d4 cxd4 4. Nxd4 Nf6 5. Nc3 d6 6. Be3 e5 7. Nb3 Be7 8. f3 0-0 9. Qd2 Be6 10. 0-0-0 a5 11. Bb5 Na7 12. Be2 Nc6 13. Bb5 Na7 1/2-1/2

[Event "POL-chT 1st League"]
[Site "Dzwirzyno"]
[Date "2019.09.07"]
[Round "1.1"]
[White "Kolago, Marcin"]
[Black "Nayhebaver, Martin"]
[Result "0-1"]
[WhiteElo "2340"]
[BlackElo "2491"]
[PlyCount "75"]
[EventDate "2019.09.07"]
[EventType "team-tourn"]
[EventRounds "9"]
[EventCountry "POL"]
[SourceTitle "EXT 2020"]
[Source "ChessBase"]
[SourceDate "2019.10.17"]
[SourceVersion "1"]
[SourceVersionDate "2019.10.17"]
[SourceQuality "1"]
[WhiteTeam "Pawlowice Gminy"]
[BlackTeam "Czestochowa Hetman"]
[WhiteTeamCountry "POL"]
[BlackTeamCountry "POL"]

1. c4 b6 2. Nc3 Bb7 3. Nf3 Nf6 4. d4 e6 5. a3 d5 6. e3 Nbd7 7. Be2 g6 8. 0-0 Bg7 9. b4 0-0 10. Bb2 c5 11. Rb1 cxd4 12. Nxd4 dxc4 13. Bxc4 Ne5 14. Be2 Rc8 15. Ndb5 Ne4 16. Nxe4 Bxe4 17. Qxd8 Rfxd8 18. Rbd1 Bc2 19. Rxd8+ Rxd8 20. Bd4 Nc6 21. Bxg7 Kxg7 22. Rc1 Rd2 23. Bf3 Ne5 24. Nxa7 Nd3 25. Rf1 Ba4 26. Nc8 b5 27. Nb6 Ra2 28. Nxa4 bxa4 29. b5 Rxa3 30. h3 Rb3 31. Bd1 Rb4 32. Be2 Nc5 33. Kh2 Rb2 34. Rc1 Nb3 35. Re1 a3 36. Bc4 Na5 37. Rc1 a2 38. Ra1 0-1

[Event "POL-chT 2nd League"]
[Site "Szklarska Poreba"]
[Date "2017.09.09"]
[Round "8.4"]
[White "Niekras, Dawid"]
[Black "Kolago, Marcin"]
[Result "1/2-1/2"]
[WhiteElo "2313"]
[BlackElo "2347"]
[PlyCount "106"]
[EventDate "2017.09.02"]
[EventType "team-swiss"]
[EventRounds "9"]
[EventCountry "POL"]
[SourceTitle "CBM 180 Extra"]
[Source "ChessBase"]
[SourceDate "2017.10.06"]
[SourceVersion "1"]
[SourceVersionDate "2017.10.06"]
[SourceQuality "1"]
[WhiteTeam "Steszew Lipno"]
[BlackTeam "Pawlowice Gminy"]
[WhiteTeamCountry "POL"]
[BlackTeamCountry "POL"]

1. e4 d5 2. exd5 Qxd5 3. Nc3 Qa5 4. d4 Nf6 5. Nf3 Bf5 6. Bd2 e6 7. Bc4 Bb4 8. a3 Bxc3 9. Bxc3 Qb6 10. 0-0 0-0 11. Re1 Nc6 12. b4 Rfd8 13. b5 Ne7 14. Bf1 c5 15. dxc5 Qxc5 16. Bb4 Qc7 17. Qc1 Ned5 18. c4 Nf4 19. Ne5 Nd3 20. Bxd3 Bxd3 21. Qf4 Bf5 22. h3 Rac8 23. g4 Bg6 24. Nxg6 hxg6 25. Qxc7 Rxc7 26. Red1 Rdc8 27. Rac1 Nd5 28. c5 a6 29. c6 bxc6 30. Ba5 axb5 31. Bxc7 Rxc7 32. Rc5 g5 33. Rdc1 Ra7 34. Rxc6 Rxa3 35. Rc8+ Kh7 36. Kh2 b4 37. Rb1 Rf3 38. Kg2 Rf4 39. Rb3 Kg6 40. Rc2 Rd4 41. Rc5 Nf4+ 42. Kg3 Ne2+ 43. Kg2 Nc3 44. Rc7 Nd5 45. Rb7 f5 46. gxf5+ exf5 47. Kh2 Kf6 48. Rd7 g6 49. Rd6+ Kg7 50. Rd8 Kf6 51. Rd6+ Kg7 52. Rd8 Kf6 53. Rd6+ Ke5 1/2-1/2

[Event "POL-chT 2nd League"]
[Site "Szklarska Poreba"]
[Date "2017.09.08"]
[Round "7.1"]
[White "Kolago, Marcin"]
[Black "Kislinsky, Alexey"]
[Result "1/2-1/2"]
[WhiteElo "2347"]
[BlackElo "2505"]
[PlyCount "102"]
[EventDate "2017.09.02"]
[EventType "team-swiss"]
[EventRounds "9"]
[EventCountry "POL"]
[SourceTitle "CBM 180 Extra"]
[Source "ChessBase"]
[SourceDate "2017.10.06"]
[SourceVersion "1"]
[SourceVersionDate "2017.10.06"]
[SourceQuality "1"]
[WhiteTeam "Pawlowice Gminy"]
[BlackTeam "Plock Stowarzyszenie"]
[WhiteTeamCountry "POL"]
[BlackTeamCountry "POL"]

1. c4 g6 2. Nc3 Bg7 3. g3 e5 4. Bg2 d6 5. e3 h5 6. Nf3 Nd7 7. d4 Ne7 8. b3 0-0 9. Bb2 Nf5 10. dxe5 dxe5 11. Qd2 Re8 12. Ne4 Qe7 13. Qc3 a5 14. a4 Nc5 15. Nfd2 Ne6 16. Ba3 Qd8 17. 0-0-0 Bd7 18. Nf3 Qc8 19. Bb2 Bc6 20. Nfd2 Rd8 21. Rhg1 Rd7 22. Qc2 Qf8 23. h3 Rad8 24. g4 hxg4 25. hxg4 Nh4 26. Bh1 Rd3 27. Nc3 Nc5 28. Nde4 Bxe4 29. Bxe4 Rxd1+ 30. Rxd1 c6 31. Rh1 Bf6 32. f4 exf4 33. exf4 Qd6 34. Rf1 Ne6 35. Qf2 Qb4 36. Nd1 Nc5 37. Bc2 Bxb2+ 38. Kxb2 Rd2 39. Qe3 Rd8 40. Nc3 Ng2 41. Qe2 b5 42. Qe5 Nxb3 43. Bxb3 bxc4 44. Rh1 Qxb3+ 45. Ka1 Qa3+ 46. Kb1 f6 47. Qxf6 Rb8+ 48. Nb5 Qb3+ 49. Kc1 Qe3+ 50. Kb1 Qb3+ 51. Kc1 Qe3+ 1/2-1/2

[Event "POL-chT 2nd League"]
[Site "Szklarska Poreba"]
[Date "2017.09.05"]
[Round "4.2"]
[White "Mroziak, Maciej"]
[Black "Kolago, Marcin"]
[Result "1/2-1/2"]
[WhiteElo "2406"]
[BlackElo "2347"]
[PlyCount "61"]
[EventDate "2017.09.02"]
[EventType "team-swiss"]
[EventRounds "9"]
[EventCountry "POL"]
[SourceTitle "CBM 180 Extra"]
[Source "ChessBase"]
[SourceDate "2017.10.06"]
[SourceVersion "1"]
[SourceVersionDate "2017.10.06"]
[SourceQuality "1"]
[WhiteTeam "Gliwice Politechnika Slaska"]
[BlackTeam "Pawlowice Gminy"]
[WhiteTeamCountry "POL"]
[BlackTeamCountry "POL"]

1. e4 d5 2. exd5 Qxd5 3. Nc3 Qa5 4. d4 Nf6 5. Bd2 c6 6. Bc4 Bf5 7. Nf3 e6 8. Nd5 Qd8 9. Nxf6+ Qxf6 10. Qe2 Bd6 11. 0-0-0 0-0 12. h3 b5 13. Bd3 Nd7 14. Kb1 Bxd3 15. Qxd3 Qg6 16. Qxg6 hxg6 17. Rhe1 Nb6 18. Ne5 Rac8 19. a3 Rfd8 20. Ba5 Kf8 21. c3 Bxe5 22. Bxb6 axb6 23. dxe5 Ke7 24. Kc2 Rd5 25. Re2 Rh8 26. Rde1 Rhd8 27. Ra1 Ra8 28. Rae1 Rad8 29. Ra1 Ra8 30. Rae1 Rad8 31. Ra1 1/2-1/2

[Event "POL-chT 1st League"]
[Site "Poronin"]
[Date "2016.09.10"]
[Round "8.3"]
[White "Ponizil, Cyril"]
[Black "Kolago, Marcin"]
[Result "1/2-1/2"]
[WhiteElo "2521"]
[BlackElo "2361"]
[PlyCount "71"]
[EventDate "2016.09.03"]
[EventType "team-tourn"]
[EventRounds "9"]
[EventCountry "POL"]
[SourceTitle "CBM 174 Extra"]
[Source "ChessBase"]
[SourceDate "2016.10.10"]
[SourceVersion "1"]
[SourceVersionDate "2016.10.10"]
[SourceQuality "1"]
[WhiteTeam "Czestochowa Hetman"]
[BlackTeam "Pawlowice Gminy"]
[WhiteTeamCountry "POL"]
[BlackTeamCountry "POL"]

1. e4 d5 2. exd5 Qxd5 3. Nc3 Qa5 4. d4 Nf6 5. Bd2 c6 6. Bc4 Qc7 7. Qe2 Nbd7 8. Nf3 Nb6 9. Bb3 e6 10. Ne5 Be7 11. g4 Nbd5 12. g5 Nd7 13. f4 Nxc3 14. bxc3 Nxe5 15. fxe5 Bd7 16. Rf1 c5 17. d5 exd5 18. Bxd5 0-0 19. e6 Bxe6 20. Bxe6 fxe6 21. Qxe6+ Kh8 22. 0-0-0 c4 23. Kb1 Ba3 24. Bc1 Bxc1 25. Kxc1 Qc5 26. Rxf8+ Rxf8 27. Rd5 Qa3+ 28. Kd2 Rf2+ 29. Ke3 Qf8 30. Rd8 Qxd8 31. Kxf2 Qd2+ 32. Qe2 Qf4+ 33. Ke1 Qc1+ 34. Kf2 Qf4+ 35. Ke1 Qc1+ 36. Kf2 1/2-1/2

[Event "POL-chT 1st League"]
[Site "Poronin"]
[Date "2016.09.07"]
[Round "5.5"]
[White "Kolago, Marcin"]
[Black "Vovk, Yuri"]
[Result "0-1"]
[WhiteElo "2361"]
[BlackElo "2596"]
[PlyCount "78"]
[EventDate "2016.09.03"]
[EventType "team-tourn"]
[EventRounds "9"]
[EventCountry "POL"]
[SourceTitle "CBM 174 Extra"]
[Source "ChessBase"]
[SourceDate "2016.10.10"]
[SourceVersion "1"]
[SourceVersionDate "2016.10.10"]
[SourceQuality "1"]
[WhiteTeam "Pawlowice Gminy"]
[BlackTeam "Kopernik WKS"]
[WhiteTeamCountry "POL"]
[BlackTeamCountry "POL"]

1. g3 Nf6 2. Bg2 g6 3. c4 Bg7 4. Nc3 0-0 5. e3 e5 6. Nge2 Re8 7. d3 c6 8. Qb3 Na6 9. 0-0 d6 10. Bd2 Be6 11. d4 Rb8 12. d5 cxd5 13. cxd5 Bd7 14. a4 Nc5 15. Qa3 e4 16. b4 Nd3 17. Nd4 Bf5 18. Qb3 h5 19. Ra2 Ng4 20. Nce2 Rc8 21. Rc2 Rxc2 22. Qxc2 Qd7 23. Bc3 Rc8 24. Qb3 Be5 25. Nf4 Nxf4 26. exf4 Bg7 27. Re1 Qc7 28. Ba1 a6 29. Bf1 Qb6 30. a5 Bxd4 31. axb6 Bxf2+ 32. Kg2 Bxe1 33. h3 Rc2+ 34. Kg1 Bf2+ 35. Kh1 Ne3 36. Bg2 Rc1+ 37. Kh2 Bg1+ 38. Kh1 Bf2+ 39. Kh2 Rg1 0-1

[Event "POL-chT 1st League"]
[Site "Poronin"]
[Date "2016.09.06"]
[Round "4.1"]
[White "Jakubowski, Krzysztof"]
[Black "Kolago, Marcin"]
[Result "1/2-1/2"]
[WhiteElo "2529"]
[BlackElo "2361"]
[PlyCount "83"]
[EventDate "2016.09.03"]
[EventType "team-tourn"]
[EventRounds "9"]
[EventCountry "POL"]
[SourceTitle "CBM 174 Extra"]
[Source "ChessBase"]
[SourceDate "2016.10.10"]
[SourceVersion "1"]
[SourceVersionDate "2016.10.10"]
[SourceQuality "1"]
[WhiteTeam "Raciborz Silesia"]
[BlackTeam "Pawlowice Gminy"]
[WhiteTeamCountry "POL"]
[BlackTeamCountry "POL"]

1. d4 Nf6 2. Bg5 d6 3. Bxf6 exf6 4. e3 f5 5. c4 g6 6. Nc3 Bg7 7. g3 0-0 8. Nge2 Nd7 9. Bg2 Nf6 10. 0-0 Re8 11. Qd3 Rb8 12. b4 g5 13. b5 h5 14. Nd5 Be6 15. Nxf6+ Qxf6 16. Rac1 Bf8 17. Qc3 Bh6 18. f4 Bd7 19. fxg5 Qxg5 20. Nf4 h4 21. Rf3 c6 22. gxh4 Qe7 23. Rg3+ Kh7 24. Rf1 Rg8 25. bxc6 bxc6 26. Qd3 Rb2 27. Rxg8 Kxg8 28. Rf3 Qxh4 29. Qa3 Qe1+ 30. Bf1 Bxf4 31. Qxb2 Bxe3+ 32. Kg2 f4 33. Qb8+ Kg7 34. Qd8 Bf5 35. Qxd6 Qd2+ 36. Kh1 Bg4 37. Qe5+ f6 38. Qe7+ Kg8 39. Qe8+ Kg7 40. Qe7+ Kg8 41. Qe8+ Kg7 42. Qe7+ 1/2-1/2

[Event "POL-chT 1st League"]
[Site "Poronin"]
[Date "2016.09.04"]
[Round "2.2"]
[White "Kolago, Marcin"]
[Black "Gritsak, Orest"]
[Result "1/2-1/2"]
[WhiteElo "2361"]
[BlackElo "2497"]
[PlyCount "59"]
[EventDate "2016.09.03"]
[EventType "team-tourn"]
[EventRounds "9"]
[EventCountry "POL"]
[SourceTitle "CBM 174 Extra"]
[Source "ChessBase"]
[SourceDate "2016.10.10"]
[SourceVersion "1"]
[SourceVersionDate "2016.10.10"]
[SourceQuality "1"]
[WhiteTeam "Pawlowice Gminy"]
[BlackTeam "Lublin Drakon"]
[WhiteTeamCountry "POL"]
[BlackTeamCountry "POL"]

1. e4 c5 2. c3 d5 3. exd5 Qxd5 4. d4 Nf6 5. Nf3 e6 6. Na3 a6 7. Nc4 Nbd7 8. a4 b6 9. Be2 Bb7 10. 0-0 Be7 11. Bf4 0-0 12. Ne3 Qc6 13. Ne5 Nxe5 14. Bxe5 cxd4 15. Bf3 Qc8 16. Bxd4 b5 17. axb5 axb5 18. Qe2 Bxf3 19. Qxf3 Nd7 20. Qg4 Bf6 21. Rxa8 Qxa8 22. Bxf6 Nxf6 23. Qb4 Rb8 24. Rd1 h6 25. h3 Qa4 26. Rd4 Qa1+ 27. Rd1 Qa4 28. Rd4 Qa1+ 29. Rd1 Qa4 30. Rd4 1/2-1/2

[Event "NRW Class1 1516"]
[Site "Germany"]
[Date "2015.11.22"]
[Round "3.2"]
[White "Jens, Jelmer"]
[Black "Kolago, Marcin"]
[Result "1/2-1/2"]
[WhiteElo "2297"]
[BlackElo "2331"]
[PlyCount "57"]
[EventDate "2015.09.27"]
[EventType "team-tourn"]
[EventRounds "9"]
[EventCountry "GER"]
[SourceTitle "EXT 2017"]
[Source "ChessBase"]
[SourceDate "2016.10.25"]
[SourceVersion "1"]
[SourceVersionDate "2016.10.25"]
[SourceQuality "1"]
[WhiteTeam "Erkenschwick"]
[BlackTeam "Katernberg II"]
[WhiteTeamCountry "GER"]
[BlackTeamCountry "GER"]

1. e4 d5 2. exd5 Qxd5 3. Nc3 Qa5 4. d4 Nf6 5. Bc4 c6 6. Bd2 Qc7 7. Nf3 Bf5 8. Ne5 e6 9. g4 Bg6 10. Qe2 Nbd7 11. h4 Nxe5 12. dxe5 Nd5 13. h5 Bxc2 14. Rc1 Nxc3 15. Bxc3 Ba4 16. b3 Bb5 17. Bxb5 cxb5 18. Qxb5+ Qd7 19. Qxd7+ Kxd7 20. Ke2 Ba3 21. Rcd1+ Ke7 22. h6 Rhc8 23. Bd2 g6 24. Bg5+ Ke8 25. Rd2 Bb4 26. Rd4 Bc3 27. Re4 Rc5 28. f4 Rac8 29. Rc1 1/2-1/2

[Event "POL-chT 1st League"]
[Site "Jastrzebia Gora"]
[Date "2015.09.12"]
[Round "8.7"]
[White "Kolago, Marcin"]
[Black "Skawinski, Arkadiusz"]
[Result "0-1"]
[WhiteElo "2328"]
[BlackElo "2340"]
[PlyCount "52"]
[EventDate "2015.09.05"]
[EventType "team-tourn"]
[EventRounds "9"]
[EventCountry "POL"]
[SourceTitle "EXT 2016"]
[Source "ChessBase"]
[SourceDate "2015.10.08"]
[SourceVersion "1"]
[SourceVersionDate "2015.10.08"]
[SourceQuality "1"]
[WhiteTeam "Pawlowice Gminy"]
[BlackTeam "Wisznia Mala"]
[WhiteTeamCountry "POL"]
[BlackTeamCountry "POL"]

1. e4 e6 2. Qe2 e5 3. Nf3 Nc6 4. Qc4 Nf6 5. Nc3 a6 6. d4 b5 7. Qd3 exd4 8. Nxd4 Nxd4 9. Qxd4 Bb7 10. Bg5 Be7 11. e5 c5 12. Qd3 Ng4 13. Bf4 Bh4 14. Bg3 c4 15. Qd4 Bxg3 16. hxg3 Qg5 17. f4 Qg6 18. 0-0-0 0-0 19. Be2 b4 20. Na4 Nh6 21. Bxc4 Bxg2 22. Rhg1 Be4 23. Nb6 Rad8 24. g4 Qc6 25. f5 Rfe8 26. Bd5 Qxc2# 0-1

[Event "POL-chT 70th"]
[Site "Gorzow Wielkopolski"]
[Date "2014.10.05"]
[Round "9.1"]
[White "Markowski, Tomasz"]
[Black "Kolago, Marcin"]
[Result "1-0"]
[WhiteElo "2576"]
[BlackElo "2342"]
[PlyCount "173"]
[EventDate "2014.05.16"]
[EventType "team-tourn"]
[EventRounds "9"]
[EventCountry "POL"]
[SourceTitle "EXT 2015"]
[Source "ChessBase"]
[SourceDate "2014.11.20"]
[SourceVersion "1"]
[SourceVersionDate "2014.11.20"]
[SourceQuality "1"]
[WhiteTeam "Gliwice Akademia Szachowa"]
[BlackTeam "Gminy Pawlowice"]
[WhiteTeamCountry "POL"]
[BlackTeamCountry "POL"]

1. d4 Nf6 2. Nf3 g6 3. e3 Bg7 4. Be2 d6 5. 0-0 0-0 6. c4 Nbd7 7. Nc3 e5 8. b4 Re8 9. a4 e4 10. Nd2 Nf8 11. b5 h5 12. a5 a6 13. bxa6 bxa6 14. Ba3 N8h7 15. Rb1 Bf5 16. Rb7 Bc8 17. Rb2 Bf5 18. Qa4 Bd7 19. Qc2 Bf5 20. Rfb1 Qe7 21. Rb7 Ng5 22. Qa4 Rec8 23. Qc6 Qd8 24. Qa4 c5 25. dxc5 dxc5 26. Rd1 Bd7 27. Qc2 Qxa5 28. Bb2 Rab8 29. Rb3 Rb4 30. Ra1 Qb6 31. Ba3 Rxb3 32. Nxb3 Ne6 33. Rb1 Qc6 34. Nd2 Qa8 35. Ndxe4 Nxe4 36. Nxe4 Bc6 37. Bf3 f5 38. Nd2 Bxf3 39. Nxf3 Rb8 40. h3 Rxb1+ 41. Qxb1 Qd8 42. Kf1 Qa5 43. Qb8+ Kf7 44. Qb7+ Ke8 45. Qc6+ Ke7 46. Ng5 Nxg5 47. Bxc5+ Kf7 48. Qd5+ Ne6 49. Qd7+ Kg8 50. Qxe6+ Kh7 51. Qd5 Qc3 52. Bd4 Bxd4 53. Qxd4 Qc1+ 54. Ke2 a5 55. Kf3 Qc2 56. h4 a4 57. Kg3 Qb3 58. Qd7+ Kh6 59. Qe8 Kh7 60. Qf7+ Kh6 61. Qf8+ Kh7 62. c5 Qc4 63. Qe7+ Kg8 64. f3 a3 65. Qe8+ Kg7 66. Qe5+ Kf7 67. Qc7+ Kf6 68. Qd8+ Kf7 69. Qd7+ Kf6 70. Qd8+ Kf7 71. Qc7+ Kf6 72. Qb6+ Qe6 73. Qd8+ Qe7 74. Qh8+ Qg7 75. Qb8 Qe7 76. c6 a2 77. Qh8+ Kf7 78. Qc3 a1Q 79. Qxa1 Qd6+ 80. Kh3 Qxc6 81. Qe5 Qc1 82. Kh2 Qe1 83. Qc7+ Ke6 84. Qg3 Qxe3 85. Qxg6+ Ke7 86. Qxf5 Qh6 87. Qg5+ 1-0

[Event "POL-chT 70th"]
[Site "Gorzow Wielkopolski"]
[Date "2014.09.05"]
[Round "4.3"]
[White "Kolago, Marcin"]
[Black "Piorun, Kacper"]
[Result "0-1"]
[WhiteElo "2342"]
[BlackElo "2577"]
[PlyCount "78"]
[EventDate "2014.05.16"]
[EventType "team-tourn"]
[EventRounds "9"]
[EventCountry "POL"]
[SourceTitle "EXT 2015"]
[Source "ChessBase"]
[SourceDate "2014.11.20"]
[SourceVersion "1"]
[SourceVersionDate "2014.11.20"]
[SourceQuality "1"]
[WhiteTeam "Gminy Pawlowice"]
[BlackTeam "Gorzow Wielkopolski Stilon"]
[WhiteTeamCountry "POL"]
[BlackTeamCountry "POL"]

1. e4 c5 2. Nf3 Nc6 3. Bb5 e5 4. 0-0 Bd6 5. c3 Nge7 6. d4 cxd4 7. cxd4 exd4 8. Nxd4 0-0 9. Nc3 Qc7 10. h3 b6 11. Be3 Bb7 12. Rc1 Rad8 13. Qh5 Qb8 14. Rfd1 Bh2+ 15. Kh1 Bf4 16. Qf3 Bxe3 17. Qxe3 Nxd4 18. Rxd4 d5 19. Rcd1 dxe4 20. Nxe4 Rxd4 21. Qxd4 Nf5 22. Qa4 Qa8 23. Re1 Rd8 24. Bd7 b5 25. Qxb5 Nd4 26. Qa4 Bxe4 27. Qxd4 Bxg2+ 28. Kh2 Bd5 29. Qe5 Bxa2 30. Qe7 g6 31. b4 Qb8+ 32. Kg1 Bd5 33. b5 Bc4 34. Ra1 Kg7 35. Bc6 Be6 36. Rxa7 Rd1+ 37. Kg2 Qe5 38. Qa3 Bd5+ 39. f3 Rd2+ 0-1

[Event "CZE-chT2A 1314"]
[Site "Czech Republic"]
[Date "2014.03.02"]
[Round "9.1"]
[White "Freisler, Pavel"]
[Black "Kolago, Marcin"]
[Result "0-1"]
[WhiteElo "2357"]
[BlackElo "2333"]
[PlyCount "112"]
[EventDate "2013.11.03"]
[EventType "team-tourn"]
[EventRounds "11"]
[EventCountry "CZE"]
[SourceTitle "EXT 2015"]
[Source "ChessBase"]
[SourceDate "2014.11.20"]
[SourceVersion "1"]
[SourceVersionDate "2014.11.20"]
[SourceQuality "1"]
[WhiteTeam "Kladno"]
[BlackTeam "Praha Vrsovice"]
[WhiteTeamCountry "CZE"]
[BlackTeamCountry "CZE"]

1. Nf3 d6 2. d4 Bg4 3. c4 Nd7 4. e4 e5 5. Be2 Be7 6. Be3 Bf6 7. d5 Bxf3 8. Bxf3 Bg5 9. Qd2 h6 10. Nc3 a5 11. Bg4 Nc5 12. f3 Bxe3 13. Qxe3 Qg5 14. Qxg5 hxg5 15. Ke2 Nf6 16. Ke3 Ke7 17. b3 Ne8 18. g3 Nf6 19. h4 gxh4 20. Rxh4 Rxh4 21. gxh4 c6 22. Kf2 Ra6 23. Kg3 Rb6 24. Nb1 a4 25. Nd2 Kd8 26. Rb1 axb3 27. axb3 cxd5 28. exd5 Ra6 29. b4 Nd3 30. Rb3 Nf4 31. Rb2 Ra3 32. Bf5 g6 33. Bb1 Re3 34. Ne4 Nxe4+ 35. Bxe4 f5 36. Bb1 Re1 37. Ba2 Rh1 38. Rh2 Re1 39. Rb2 Nd3 40. Rb3 f4+ 41. Kh3 e4 42. fxe4 f3 43. Bb1 Ne5 44. Kg3 Rg1+ 45. Kf2 Rg2+ 46. Kf1 Nxc4 47. Bd3 Ne5 48. Bb1 Rh2 49. b5 Rxh4 50. b6 Rf4 51. Kf2 g5 52. Ra3 Rh4 53. Ra8+ Ke7 54. Rg8 Kf6 55. Rf8+ Kg6 56. Rg8+ Kh5 0-1